000
00338nam a2200145 a 4500
008
990916s1964||||xx 0 und c
040
_a
SNK
_b
slo
_c
SNK
_e
AACR2
100
1
_a
Lánik, Jozef
245
1
0
_a
Čo Dante nevidel
260
_a
Bratislava
_b
Osveta
_c
1964
300
_a
269 s.
020
_c
14,50
044
_a
xo
_c
SK
041
_a
slo
999
_c
12077
_d
12077